| 000 | 02092nam a22003017a 4500 | ||
|---|---|---|---|
| 003 | OSt | ||
| 005 | 20210414115911.0 | ||
| 008 | 210414s2005 ck ao||dr|||| 00| 0 spa d | ||
| 020 | _a9580486905 | ||
| 040 |
_aCO-JMCR _cCO-JMCR |
||
| 041 | 1 |
_aspa _heng |
|
| 082 | 0 | 4 |
_a745.593 / _bB218h _223 |
| 100 | 1 |
_aBanker, Susan M., _eautora _936810 |
|
| 245 | 1 | 0 |
_aHaciendo un álbum de recuerdos con Lizzie McGuire / _cSusan M Banker; traducción, Mariana Perdomo P. ; editor, Carol Field Dahlstrom |
| 260 |
_aBogotá : _bNorma, _c2005 |
||
| 300 |
_a80 páginas : _bilustraciones y fotografías a color ; _c23 cm. |
||
| 500 | _a"Busca en el interior marcos de fotos y papeles estampados que podrás utilizar"--Tapa | ||
| 505 | 0 | _aUna nota de Lizzie -- El tes de Lizzie -- Mi mamá -- ¡Hola, soy yo! -- La escuela es lo mejor -- Tiempo de merendar -- Nacida para recortar y pegar recuerdos -- Mamá y yo -- La artista que llevo dentro -- Mis amigos son lo mejor -- Títulos increíbles -- Fotos de Lizzie -- Otras formas de utilizar tus fotos -- Mi familia es lo mejor -- Clase de cerámica -- Es hora de ver televisión -- Un día maravilloso para el pelo -- ¡Qué viva la escuela! -- Vive tu sueño -- Los diseños de Lizzie | |
| 520 | 3 | _a¡Hay tanto que recortar y pegar y tan poco tiempo!. Hacer un álbum de recuerdos está de moda. Te ayudaré a hacer el tuyo con: Docenas de ideas de páginas increíbles en tres estilos diferentes, consejos para hacer tus páginas súper tiernas, ideas para que plasmes tus textos de manera divertida, nuevas técnicas para aprender todo lo que necesitas para hacer cada página de un álbum de recuerdos, muy original y completamente ¡a tu manera! | |
| 546 | _bTraducido del inglés. | ||
| 600 | 1 | 4 |
_aMcGuire, Lizzie _x(personaje ficticio) _936811 |
| 650 | 1 | 4 |
_aManualidades _xÁlbumes de recortes _936812 |
| 650 | 2 | 4 |
_aMuchachas adolescentes _xArtesanías _936813 |
| 650 | 2 | 4 |
_aDiario de álbumes de recortes _936814 |
| 700 | 1 |
_aPerdomo P., Mariana, _etraductora _936815 |
|
| 700 | 1 |
_aField Dahlstrom, Carol, _eeditora _936816 |
|
| 942 |
_2ddc _cBK |
||
| 999 |
_c15535 _d15535 |
||